书目信息 |
| 题名: |
东方诗哲方东美论著辑要
|
|
| 作者: | 方东美 编 ;王月清 , 李钟梅 编 | |
| 分册: | ||
| 出版信息: | 南京 南京大学出版社 2009 |
|
| 页数: | 373页 | |
| 开本: | 23cm | |
| 丛书名: | ||
| 单 册: | ||
| 中图分类: | B-53 | |
| 科图分类: | ||
| 主题词: | 哲学--文集 | |
| 电子资源: | ||
| ISBN: | 978-7-305-05642-0 | |
| 000 | 00951n|m0 2200265 450 | |
| 001 | 0102578942 | |
| 005 | 20121109170000.0 | |
| 010 | @a978-7-305-05642-0@dCNY48.00 | |
| 100 | @a20090413d2009 em y0chiy0120 ea | |
| 101 | 0 | @achi |
| 102 | @aCN@b320000 | |
| 105 | @aac z 000yy | |
| 135 | @adrbn ---auuuu | |
| 200 | 1 | @a东方诗哲方东美论著辑要@9Dong Fang Shi Zhe Fang Dong Mei Lun Zhu;Zhuo Ji Yao @f王月清,李钟梅编@b电子资源.图书 |
| 210 | @a南京@c南京大学出版社@d2009 | |
| 215 | @a373页@c肖像,照片@d23cm | |
| 325 | @a电子复制品 | |
| 330 | @a本书收录了东方诗哲——方东美的《生命情调与美感》、《生命悲剧之二重奏》、《哲学三慧》、《中国人生哲学概要(节选)》、《中国哲学精神》等文章。 | |
| 606 | 0 | @a哲学@j文集 |
| 690 | @aB-53@v4 | |
| 701 | 0 | @a方东美@f(1899~1977)@4编@9fang dong mei |
| 702 | 0 | @a王月清@f(1966.10~)@4编@9wang yue qing |
| 702 | 0 | @a李钟梅@4编@9li zhong mei |
| 801 | 0 | @aCN@bAZmarc@c20230903 |
| 905 | @dB-53@e5@f5@sB-53/5@aBZT | |
| 东方诗哲方东美论著辑要/王月清,李钟梅编[电子资源.图书].-南京:南京大学出版社,2009 |
| 373页:肖像,照片;23cm |
| ISBN 978-7-305-05642-0:CNY48.00 |
| 本书收录了东方诗哲——方东美的《生命情调与美感》、《生命悲剧之二重奏》、《哲学三慧》、《中国人生哲学概要(节选)》、《中国哲学精神》等文章。 |
| ● |
| 相关链接 |
|
|
|
正题名:东方诗哲方东美论著辑要
索取号:B-53/5
 
预约/预借
| 序号 | 登录号 | 条形码 | 馆藏地/架位号 | 状态 | 备注 |
| 1 | 2000003816 | 2000003816 | 旧书回溯/ [索取号:B-53/5] | 在馆 | |
| 2 | 2000003817 | 2000003817 | 旧书回溯/ [索取号:B-53/5] | 在馆 | |
| 3 | 2000008290 | 2000008290 | 旧书回溯/ [索取号:B-53/5] | 在馆 | |
| 4 | 2000008291 | 2000008291 | 旧书回溯/ [索取号:B-53/5] | 在馆 | |
| 5 | 2000008292 | 2000008292 | 旧书回溯/ [索取号:B-53/5] | 在馆 |